=LDR 00000nam 2200000 4500 =001 INLIS000000000027744 =005 20130612130109 =008 ***********************************Ind** =035 ##$$0010-061300000027744 =041 ##$$a Ind =082 ##$$a F Rom K =090 ##$$a F Rom K, Alm k =100 ##$$a Al-Madhi, Samir =245 ##$$a Kendi emas, Samir Al-mahdi =260 ##$$a [s.a] $b [S.l] =300 ##$$a 15 hlm, ilus, 15 cm =650 ##$$a Fiksi kanak-kanak =850 ##$$a NBPNMAT